Western Movie Posters Quiz Stats

Quiz Updated Aug 1, 2016

Challenge
Share
Tweet
Score 0/20 Timer 04:00
20 Plays Today
Hint Answer % Correct
12Wild Wild West
84.5%
5Django Unchained
83.5%
2The Good, the Bad and the Ugly
80.4%
16The Magnificent Seven
80.2%
3True Grit
78%
9Tombstone
71.8%
20Back to the Future Part III
71.6%
7Butch Cassidy and the Sundance Kid
71.4%
4Unforgiven
69.8%
10Maverick
69%
Hint Answer % Correct
19High Noon
63.8%
8Shanghai Noon
59.5%
11Cowboys & Aliens
58.8%
18The Hateful Eight
54.7%
13A Million Ways to Die in the West
43.2%
1The Treasure of the Sierra Madre
34.4%
63:10 to Yuma
32.8%
15The Assassination of Jesse James by the Coward Robert Ford
31.9%
14Open Range
27.2%
17The Wild Bunch
18.3%

You're not logged in!

Compare scores with friends on all Sporcle quizzes.
Sign Up with Email
OR
Log In

You Might Also Like...

Show Comments

Extras

Top Quizzes Today


Score Distribution

Your Account Isn't Verified!

In order to create a playlist on Sporcle, you need to verify the email address you used during registration. Go to your Sporcle Settings to finish the process.